| 000 | 00568nam a2200217 b 4500 | ||
|---|---|---|---|
| 005 | 20231012144208.0 | ||
| 008 | 070316s2007 sp | ||| ||spa | ||
| 020 | _a8423424707 | ||
| 041 | 1 | _aspa | |
| 082 | _a658.049 G619c | ||
| 100 | 1 |
_aGoldman, Robert _911557 |
|
| 245 | 1 | 3 | _aLa cultura Nike: el signo del "swoosh" |
| 260 |
_aEspaña _bDeusto _c2007 |
||
| 300 | _a299 páginas | ||
| 440 | 0 |
_aGrandes Casos Empresariales _911537 |
|
| 650 | _aESTUDIO DE CASOS | ||
| 650 | _aLOGOS | ||
| 650 | _aDEPORTE | ||
| 650 | _aPUBLICIDAD | ||
| 942 |
_cLIT _2ddc |
||
| 999 |
_c8290 _d8290 |
||